000 00441nam a22001817a 4500
003 CEME
005 20210628203628.0
008 210317b xxu||||| |||| 00| 0 eng d
020 _a0-07-881306-9
040 _c.
082 _a005.44 JAM'U
100 _aJamsa, Kris
_929170
245 _aUsing os/2
260 _aOSBORNE
_bMCGRAW HILL
_c1988
300 _aXV, 758P
650 _aCOMPUTER OPERTAING SYSTEM OS/2
_966629
942 _cBK
_2ddc
999 _c574565
_d574565